Statistics for Toronto Raptors Playoffs Starters

Click here to take the quiz!

General Stats

  • This quiz has been taken 35 times
    (2 since last reset)
  • The average score is 11 of 30

Answer Stats

Players % Correct
Fred VanVleet
100%
Kyle Lowry
100%
Andrea Bargnani
100%
Serge Ibaka
100%
Marc Gasol
100%
Pascal Siakam
100%
Kawhi Leonard
100%
Vince Carter
100%
T.J. Ford
50%
Chris Bosh
50%
Tracy McGrady
50%
DeMar DeRozan
50%
Jamario Moon
50%
Morris Peterson
50%
Keon Clark
0%
Bismack Biyombo
0%
Rasho Nesterovic
0%
Anthony Parker
0%
Amir Johnson
0%
Terrence Ross
0%
OG Anunoby
0%
DeMarre Carroll
0%
Charles Oakley
0%
Antonio Davis
0%
Doug Christie
0%
Danny Green
0%
Jonas Valančiūnas
0%
Alvin Williams
0%
Chris Childs
0%
Joey Graham
0%

Score Distribution

Percentile by Number Answered

Percent of People with Each Score

Your Score History

You have not taken this quiz since the last reset